书目信息 |
| 题名: |
数学建模与数学实验
|
|
| 作者: | 宣明 主编 | |
| 分册: | ||
| 出版信息: | 杭州 浙江大学出版社 2016.02 |
|
| 页数: | 296页 | |
| 开本: | 26cm | |
| 丛书名: | ||
| 单 册: | ||
| 中图分类: | O141.4 , O13-33 | |
| 科图分类: | ||
| 主题词: | 数学模型 , 高等数学--实验 | |
| 电子资源: | ||
| ISBN: | 978-7-308-14493-3 | |
| 000 | 01029nam0 2200289 450 | |
| 001 | 0120161779941 | |
| 005 | 20170418143120.75 | |
| 010 | @a978-7-308-14493-3@dCNY39.50 | |
| 100 | @a20160525d2016 em y0chiy50 ea | |
| 101 | 0 | @achi |
| 102 | @aCN@b330000 | |
| 105 | @aak z 001yy | |
| 106 | @ar | |
| 200 | 1 | @a数学建模与数学实验@9shu xue jian mo yu shu xue shi yan@dMathematical modeling and mathematics experiments@f宣明主编@zeng |
| 205 | @a2版 | |
| 210 | @a杭州@c浙江大学出版社@d2016.02 | |
| 215 | @a296页@c图@d26cm | |
| 330 | @a本书主要内容包括:数学建模与数学实验简介;数学建模实践;MATLAB数学实验;LINGO数学实验;EXCEL数学实验;微分方程模型;数据拟合方法;数据统计与回归分析;大专数学建模竞赛优秀论文等。 | |
| 333 | @a高校师生 | |
| 510 | 1 | @aMathematical modeling and mathematics experiments@zeng |
| 606 | 0 | @a数学模型 |
| 606 | 0 | @a高等数学@x实验 |
| 690 | @aO141.4@v5 | |
| 690 | @aO13-33@v5 | |
| 701 | 0 | @a宣明@9xuan ming@4主编 |
| 801 | 0 | @aCN@b人天书店@c20160525 |
| 905 | @b984813-16@dO141.4@e106=2@f4 | |
| 数学建模与数学实验=Mathematical modeling and mathematics experiments/宣明主编.-2版.-杭州:浙江大学出版社,2016.02 |
| 296页:图;26cm |
| 使用对象:高校师生 |
| ISBN 978-7-308-14493-3:CNY39.50 |
| 本书主要内容包括:数学建模与数学实验简介;数学建模实践;MATLAB数学实验;LINGO数学实验;EXCEL数学实验;微分方程模型;数据拟合方法;数据统计与回归分析;大专数学建模竞赛优秀论文等。 |
| ● |
| 相关链接 |
|
|
|
|
正题名:数学建模与数学实验
索取号:O141.4/106=2
 
预约/预借
| 序号 | 登录号 | 条形码 | 馆藏地/架位号 | 状态 | 备注 |
| 1 | 984813 | 209848138 | 第二样本阅览室/ [索取号:O141.4/106=2] | 在馆 | |
| 2 | 984814 | 209848147 | 数信系资料室/ [索取号:O141.4/106=2] | 在馆 | |
| 3 | 984815 | 209848156 | 第三借阅区/ [索取号:O141.4/106=2] | 在馆 | |
| 4 | 984816 | 209848165 | 第三借阅区/ [索取号:O141.4/106=2] | 在馆 |